Statistics for Participating Nations of the first Olympics

Click here to take the quiz!

General Stats

  • This quiz has been taken 72 times
  • The average score is 10 of 12

Answer Stats

Answer% Correct
Great Britain
100%
France
97%
Greece
96%
Italy
96%
United States
96%
Austria-Hungary
94%
Australia
79%
Sweden
79%
Denmark
78%
Switzerland
78%
Bulgaria
47%
Chile
25%

Score Distribution

Percentile by Number Answered

Percent of People with Each Score

Your Score History

You have not taken this quiz